<?xml version="1.0" encoding="UTF-8"?>
<collection xmlns="http://www.loc.gov/MARC21/slim">
  <record>
    <leader>00000nam  2200000   4500</leader>
    <controlfield tag="001">INLIS000000000000567</controlfield>
    <controlfield tag="005">20180724135411</controlfield>
    <controlfield tag="008">180724|||||||||   |   |||   |||| ||   | </controlfield>
    <datafield tag="035" ind1=" " ind2=" ">
      <subfield code="0">010-0718000567</subfield>
    </datafield>
    <datafield tag="041" ind1=" " ind2=" ">
      <subfield code="a">id</subfield>
    </datafield>
    <datafield tag="082" ind1=" " ind2=" ">
      <subfield code="a">NONE</subfield>
    </datafield>
    <datafield tag="090" ind1=" " ind2=" ">
      <subfield code="a">R 032 PIM II 2014</subfield>
    </datafield>
    <datafield tag="100" ind1=" " ind2=" ">
      <subfield code="a">Rahmi, Gusmelinda</subfield>
    </datafield>
    <datafield tag="245" ind1=" " ind2=" ">
      <subfield code="a">Peningkatan Efektifitas Sertifikasi Profesi Pengadaan Barang / Jasa Pemerintah Melalui Sistem Ujian Berbasis Kompetensi Guna Meningkatkan Profesionalisme Sumber Daya Manusia Pengadaan Barang / Jasa Pemerintah</subfield>
    </datafield>
    <datafield tag="260" ind1=" " ind2=" ">
      <subfield code="a">Jakarta</subfield>
      <subfield code="b">Lembaga Aministras Negara RI</subfield>
      <subfield code="c">2014</subfield>
    </datafield>
    <datafield tag="300" ind1=" " ind2=" ">
      <subfield code="a">23 hlm.; 30 cm; lampiran</subfield>
    </datafield>
    <datafield tag="650" ind1=" " ind2=" ">
      <subfield code="a">Peningkatan Efektifitas Sertifikasi -- Proyek Perubahan PIM2</subfield>
    </datafield>
  </record>
</collection>
